01416nab a2200409 a 450000100060000000300080000600500170001400600190003100700150005000800410006502200270010603500210013304000260015405000310018008000130021110000280022422200120025224501340026426000340039830000130043236200440044553301640048965000140065365000200066765000160068765000330070365000280073665000120076465000230077665000310079965000240083065000260085465500320088071000190091274000130093185600620094445104FlNmELB20241216231654.0m o d | cr cn|||||||||130704s2003 mx s 000 0 spa d a1665-1219z166512-1926 a(OCoLC)955360631 aFlNmELBbspacFlNmELB 4aKDZ944.A41992bO742 2003eb a339.5(7)1 aOrnelas Delgado, Jaime. 0aAportes13aEl Tratado de Libre Comercio de América del Norte y la crisis del campo mexicanoh[recurso electronico]cJaime Ornelas Delgado. aPuebla :bRed Aportes,c2003. a25-48 p.0 aVol. VIII, Núm. 023 (Mayo-Ago. 2003)- aRecurso electrónico. Santa Fe, Arg.: e-libro, 2015. Disponible vía World Wide Web. El acceso puede estar limitado para las bibliotecas afiliadas a e-libro. 4aTratados. 4aLibre comercio. 4aEconomía. 4aEconomía de mercado libre. 4aComercio internacional. 4aMexico. 4aAmerica del Norte. 0aFree tradezNorth America. 0aFree tradezMexico. 0aCattle tradezMexico. 4aArtículos electrónicos.2 ae-libro, Corp.02aAportes.40uhttps://elibro.net/ereader/politecnicointernacional/23802